000
00311nam a22001337a 4500
008
170504b xxu||||| |||| 00| 0 eng d
020
_a
2900495095414
041
_a
eng
080
_2
11TH
_a
343.9
100
_a
15
101
_a
SHJ
245
_a
INTRODUCTION TO CRIMINAL JUSTICE
_c
SIEGEL, M.J
942
_2
udc
_c
BK
999
_c
12722
_d
12722